000 00852nam a2200289Ia 4500
003 OSt
005 20220928111418.0
006 a|||||r|||| 00| 0
007 ta
008 220927b |||||||| |||| 00| 0 eng d
020 _cUKP 53.99
024 _a136783
037 _b77, 23/01/2018, Aviva Books Company
_cTextual
040 _aSDCL
_cSDCL
_beng
041 _2eng
_aeng
082 _aXM8:6, Q5
100 _aBerk Jonathan
_9394353
245 0 _aFundamentals of corporate finance
250 _a3rd
260 _aDelhi
_bPearson
_c2015
300 _a784p.
_ccm.
650 _aFinancial Studies
700 _a DeMarzo Peter
_9423556
700 _a Harford Jarrad
_9423557
942 _hXM8:6, Q5
_cTEXL
_2CC
999 _c740092
_d740092